| 000 | 01712nam a2200373 c 4500 | ||
|---|---|---|---|
| 003 | BLK | ||
| 005 | 20200116110817.0 | ||
| 008 | 180408b bul|||||r ||||||| ||bul|| | ||
| 010 | _aKNG00039707000 | ||
| 020 |
_a5-237-01489-5 _bиздат.: АСТ - на том |
||
| 040 | _aBLK | ||
| 041 |
_aRUS _cRUS |
||
| 080 |
_aОбщи енциклопедии. Енциклопедични речници. Научни справочници. Отраслови енциклопедии и справочници се класират в съответните отдели с определител за форма _b03 _x _z03 |
||
| 080 |
_aМузика _b78 _x(031) _z78(031) |
||
| 700 | 1 |
_aКленов, Аркадий Семенович _eавт.-состав. на том _9275068 |
|
| 139 |
_aЯ познаю мир _bЯ 11 |
||
| 245 | 1 | 0 |
_aЯ познаю мир _bДет. энцикл. _cавт.-состав. на том Аркадий Семенович Кленов. _pМузыка |
| 257 | _aRUS | ||
| 260 |
_аМосква _c1998 - _fМинск : ППП им. Я. Коласа |
||
| 300 | _c21 см | ||
| 380 | _a0 | ||
| 490 | 1 | _aЯ познаю мир | |
| 650 | 4 |
_aМузика - енциклопедии и справочници _9267597 |
|
| 653 | _aмузика | ||
| 653 | _aенциклопедии | ||
| 653 | _aлитература за деца | ||
| 653 | _aдетска литература | ||
| 760 | 1 |
_3- на том _dАСТ, 1999 _h464 с. _nСловарь муз. терминов. - Предм.-имен. указ. _t Музыка |
|
| 852 | _aЦб 201842 | ||
| 856 | 4 |
_qpdf _u |
|
| 856 | 4 |
_qpdf _u |
|
| 942 |
_cKNG _n0 _01 |
||
| 944 |
_aCR _c15.01.2003 _kЛюдмила_Стоянова |
||
| 944 |
_aED _c09.12.2005 _k |
||
| 999 |
_c36671 _d36671 |
||